000 01433cam a2200385 a 4500
001 16091548
003 OSt
005 20170105102900.0
008 100212s2011 enk b 001 0 eng
010 _a 2010003866
015 _aGBA990879
_2bnb
016 7 _a015371164
_2Uk
020 _a9780415779586 (hardback)
020 _a0415779588 (hardback)
020 _a9780203865385 (ebook)
020 _a0203865383 (ebook)
035 _a(OCoLC)ocn511619944
040 _aDLC
_cDLC
_dYDX
_dBWK
_dYDXCP
_dUKM
_dBWX
_dCDX
_dDLC
043 _aa-pk---
_aa-ii---
050 0 0 _aPK5416
_b.C55 2011
082 0 0 _a820.995491
_222
_bCIL 2011
100 1 _aCilano, Cara.
245 1 0 _aNational identities in Pakistan :
_bthe 1971 war in contemporary Pakistani fiction /
_cCara Cilano.
260 _aLondon ;
_aNew York :
_bRoutledge,
_c2011.
300 _axi, 149 p. ;
_c24 cm.
490 1 _aRoutledge contemporary South Asia series ;
_v32
504 _aIncludes bibliographical references and index.
650 0 _aPakistani literature
_y20th century
_xHistory and criticism.
650 0 _aIndia-Pakistan Conflict, 1971
_xLiterature and the war.
650 0 _aNationalism in literature.
830 0 _aRoutledge contemporary South Asia series ;
_v32.
906 _a7
_bcbc
_corignew
_d1
_eecip
_f20
_gy-gencatlg
942 _2ddc
_cBK
999 _c14614
_d14614